| 000 | 00387nam a22001457a 4500 | ||
|---|---|---|---|
| 020 | _a978-81-7245-439-5 | ||
| 082 |
_a438.2421 _bAGU/G |
||
| 100 | _aAGUNDEZ | ||
| 245 |
_aGERMAN MADE EASY _bLEARN GERMAN IN AN EASY AND SYSTEMATIC WAY |
||
| 260 |
_aNEW DELHI _bGOODWILL PUBLISHING HOUSE _c2023 |
||
| 300 |
_a178 _bCD |
||
| 520 | _aGERMAN RFFERENCE BOOK | ||
| 650 | _aRFFERENCE | ||
| 942 | _cBK | ||
| 999 |
_c7209 _d7209 |
||